Robotizirovannyje proizvodstvennyje kompleksy

Gespeichert in:
Bibliographische Detailangaben
Format: Buch
Veröffentlicht: Moskva : Mašinostrojenije, 1987
Tags: Tag hinzufügen
Keine Tags, Fügen Sie das erste Tag hinzu!

MARC

LEADER 00000nam a22000003a 4500
001 stu15223
005 20141122083213.5
008 ------s1987----xxr---------------------d
040 |a STU  |b slo 
041 0
044 |a xxr 
080 |a 681.5 
245 |a Robotizirovannyje proizvodstvennyje kompleksy 
260 |a Moskva :  |b Mašinostrojenije,  |c 1987 
300 |a 270 s :  |b Obr.,tab.,grafy,lit.,index 
996 |b C79757  |c C*79757  |l CCXVI  |s P  |a 0  |w stu15223_0001